000 00461nam a2200169 i 4500
001 47333
003 ES-MaACL
005 20230906161538.0
007 t|
008 030407s1869 fr ||||1| fre d
100 1 _aCoquerel, Athanase-Josué
_c(fils)
_940432
245 1 0 _aHistoire du Credo /
_cpar Athanase Coquerel.
260 _aParis :
_bE. Martinet,
_c1869.
300 _aVIII, 172 p. ;
_c17 cm.
650 0 4 _aCredo.
_911413
852 _aES-MaACL
_jF-12027
999 _c47333
_d47333